[Event "Vidnoe-ch 32nd sf"]
[Site "Vidnoe"]
[Date "2010.09.12"]
[Round "6"]
[White "Maiorov, Vladimir"]
[Black "Medvedev, Vitalij"]
[Result "0-1"]
[WhiteElo "1806"]
[BlackElo "2044"]
[PlyCount "62"]
[EventDate "2010.09.12"]
[EventType "swiss"]
[EventRounds "10"]
[EventCountry "RUS"]
[SourceTitle "EXT 2022"]
[Source "ChessBase"]
[SourceDate "2021.10.06"]
[SourceVersion "1"]
[SourceVersionDate "2021.10.06"]
[SourceQuality "1"]

1. e4 e5 2. Nf3 Nc6 3. Bb5 a6 4. Bxc6 dxc6 5. Nc3 Bd6 6. d4 Bg4 7. dxe5 Bxf3 8. Qxf3 Bxe5 9. Bf4 Qf6 10. Bxe5 Qxe5 11. 0-0 Nf6 12. Rfe1 0-0 13. Rad1 b5 14. a3 a5 15. Qf5 Rfe8 16. Qxe5 Rxe5 17. f4 Rc5 18. Rd4 Rb8 19. Red1 g6 20. Rd8+ Rxd8 21. Rxd8+ Kg7 22. Rd4 Ng4 23. Rd2 b4 24. axb4 axb4 25. Nd1 Rc4 26. Re2 Rd4 27. Re1 Rd2 28. c4 Rd4 29. b3 Rd3 30. h3 Nf6 31. Kf2 Rxb3 0-1